Titres de films - Indiana Jones - Statistiques

Statistiques générales
  • Ce quiz a été pris 194 fois
  • Le résultat moyen est 4 sur 5
Statistiques - réponses
Année Titre % Correct
1984 Indiana Jones et le Temple maudit
86%
1989 Indiana Jones et la Dernière Croisade
84%
1981 Les Aventuriers de l'arche perdue
74%
2023 Indiana Jones et le Cadran de la destinée
59%
2008 Indiana Jones et le Royaume du crâne de cristal
57%
Aucun quiz correspondant
Distribution des résultats
% des personnes avec chaque résultat
Percentile par nombre de réponses
Votre historique - résultats
Vous n’avez pas pris ce quiz